000 01489nam a2200313 i 4500
001 164908
003 ES-MaACL
005 20260319131513.0
008 940301s1886 sp a 001 d spa d
100 1 _aSchiller, Friedrich,
_d1759-1805
_9104361
245 1 0 _aDramas de C.F. Schiller :
_bLa novia de Mesina ; Wallenstein /
_ctraducción de José Yxart ; ilustración de Alejandro Lick y Valdemaro Friedrik.
246 3 _aWallenstein: trilogía
260 _aBarcelona :
_bDaniel Cortezo y Cª,
_c1886.
300 _a405 p. :
_bil. ;
_c21 cm.
490 1 _aBiblioteca "Arte y letras"
505 8 _aContiene: Del uso del coro en la tragedia: prefacio del autor
530 _aDisponible en formato digital.
597 _aPort. a dos tintas.
599 _aIlustraciones: grab. calc.
700 1 _aYxart, Josep,
_d1852-1895
_9139230
740 0 2 _aDel uso del coro en la tragedia.
740 3 2 _aLa novia de Mesina: tragedia en 4 actos.
830 1 0 _aBiblioteca "Arte y letras"
_9180874
852 4 _aES-MaACL
_jB-731
_xEncuadernación editorial en tela roja con planchas en negro y hierros dorados, medallón con retrato de Schiller
_9171201
_cSPB
852 4 _aES-MaACL
_jG-16049
_9204747
_cDEPO2
_xEncuadernación editorial en tela roja con planchas en negro y hierros dorados, medallón con retrato de Schiller
856 4 _uhttp://hdl.handle.net/10662/4651
_yRepositorio Institucional de la Universidad de Extremadura
942 _2udc
999 _c164908
_d164908